Vírusové hepatitídy a možnosť vzniku rakoviny pečene /
Uložené v:
| Hlavní autori: | , |
|---|---|
| Médium: | Kniha |
| Jazyk: | Slovak |
| Vydané: |
Bratislava :
Liga proti rakovine,
2009.
|
| Vydanie: | [1. vyd.] |
| Témy: | |
| ISBN: |
9788089201440 (brož.) |
| Fyzický popis: |
32 s. : tab. ; 20 cm. |
| Tagy: |
Pridať tag
Žiadne tagy, Buďte prvý kto otaguje tento záznam!
|
Titul je dostupný aj v ... 

MARC
| LEADER | 00000nam a2200000 a 4500 | ||
|---|---|---|---|
| 001 | 000461237 | ||
| 005 | 20150824105011.0 | ||
| 008 | 110210s2009 xo l e f 000 0 slo d | ||
| 020 | |a 9788089201440 (brož.) | ||
| 040 | |a SVKKK |b slo |c SVKKK |e AACR2 | ||
| 041 | 0 | |a slo | |
| 043 | |a e-xo--- | ||
| 044 | |a xo |c SK | ||
| 072 | 7 | |a 616 |x Patológia. Klinická medicína |2 konspekt | |
| 080 | |a 616.36-002-022.6 |2 2001 | ||
| 080 | |a 616.36-006.04 |2 2001 | ||
| 080 | |a 616-084 |2 2001 | ||
| 080 | |a (437.6) |2 2001 | ||
| 080 | |a (036) |2 2001 | ||
| 100 | 1 | |a Oltman, Marian | |
| 245 | 1 | 0 | |a Vírusové hepatitídy a možnosť vzniku rakoviny pečene / |c [Marian Oltman, Mária Rakúsová]. |
| 250 | |a [1. vyd.] | ||
| 260 | |a Bratislava : |b Liga proti rakovine, |c 2009. | ||
| 300 | |a 32 s. : |b tab. ; |c 20 cm. | ||
| 500 | |a Údaj o aut. prevzatý z rubu obalu | ||
| 650 | 0 | 7 | |a vírusová hepatitída |2 SVKKKPH |
| 650 | 0 | 7 | |a rakovina pečene |2 SVKKKPH |
| 650 | 0 | 7 | |a prevencia ochorení |2 SVKKKPH |
| 655 | 7 | |a zdravotnícka osveta |2 SVKKKPH | |
| 651 | 7 | |a Slovensko |2 SVKKKPH | |
| 655 | 7 | |a informačné publikácie |2 SVKKKPH | |
| 700 | 1 | |a Rákusová, Mária |4 aut | |
| 910 | |a svkkk | ||
| 919 | |a 978-80-89201-44-0 | ||
| 998 | |a BK | ||
| 090 | |g SCKHL |k Sklad Hlavná 10 prízemie |a III.232534 |j 1062824 |i 2720330140 |s Absenčne | ||